| 000 | 003570000a22001450004500 | ||
|---|---|---|---|
| 005 | 20120302064837.0 | ||
| 942 | _cBOOK | ||
| 100 | _a Samanatabhadra | ||
| 245 | _a Aptamimamsa- Critique Of An Authority | ||
| 260 | _aAhmedabad : Jagruti Dilip Sheth ,1999. | ||
| 300 | _a101 p. | ||
| 040 | _aeng | ||
| 365 | _bRs.108/- | ||
| 650 | _aPhilosophy / Aptaimamsa | ||
| 999 |
_c363221 _d363218 |
||